| 000 | 00892nam a2200217 a 4500 | ||
|---|---|---|---|
| 001 | 000039863 | ||
| 005 | 20201002033757.0 | ||
| 008 | 130725s1982 dr r 000 0 spa d | ||
| 020 | _a8400051548 | ||
| 040 |
_aDO-SdBNP _bspa _cBNPHU |
||
| 082 |
_axxxx _bxxxx |
||
| 245 | 0 | 0 |
_aAmérica y la España del siglo XVI / _cedición Francisco de Solano y Fermin del Pino. |
| 260 |
_aMadrid : _bInstituto Gonzalo Fernández de Oviedo, 1982-1983, _c1982. |
||
| 300 |
_a431 p. : _bil., retrs. ; _c25 cm. |
||
| 500 | _aHomenaje a Gonzalo Fernández de Oviedo cronista de Indias en el V Centenario de su nacimiento (Madrid,1478). | ||
| 504 | _aIncluye referencias bibliográficas y notas al pie de las páginas | ||
| 590 | _aInventariado, 2019/BT | ||
| 700 | 1 |
_aPino, Fermín del, _eed. _966065 |
|
| 700 | 1 |
_aSolano, Francisco de, _eed. _915306 |
|
| 710 | 2 |
_aInstituto Gonzalo Fernández de Oviedo, _959992 |
|
| 999 |
_c39353 _d39353 |
||